01046cam a2200277Ka 4500001002600000003000700026005001700033007000700050008004100057040003500098020001500133020001800148035002100166082001700187100002600204245009000230260003500320300001100355500002200366650002800388650003600416856009900452856010100551952009900652999001700751completehomemedihyn00hymaCaSfIA20230525155250.0cr||||090115s1993 xxu 000 0 spa d aDRPUCbspacDRPUCdKCPdCaSfIA a0380007827 a9780380007820 a(OCoLC)298439174 a610.3bH996c1 aHyman, Harold Thomas.14aThe complete home medical encyclopedia /h[electronic resource] cHarold Thomas Hyman aNew York :bAvon Books,c1973. a831 p. aIncluye índice. 4aMedicinaxDiccionarios. 4aMedicina popularxDiccionarios.41uhttp://www.archive.org/details/completehomemedihyn00hymazFree eBook from the Internet Archive42uhttp://www.openlibrary.org/books/OL24398825MzAdditional information and access via Open Library 001040708Project GutenbergaCSPCbCSPCd2023-05-25l0r2023-05-25 00:00:00w2023-05-25yEBK c24332d24332